Normal view
MARC view
- Ireland Geography
Entry Topical Term
001 - CONTROL NUMBER
- control field: 108299
003 - CONTROL NUMBER IDENTIFIER
- control field: NUST
005 - DATE AND TIME OF LATEST TRANSACTION
- control field: 20230131154047.0
008 - FIXED-LENGTH DATA ELEMENTS
- fixed length control field: 230131|| aca||aabn | a|a d
040 ## - CATALOGING SOURCE
- Original cataloging agency: NUST
- Transcribing agency: NUST
150 ## - HEADING--TOPICAL TERM
- Topical term or geographic name entry element: Ireland Geography
670 ## - SOURCE DATA FOUND
- Source citation: Work cat.: (NUST)187227: Somerville .E. Ce 108298, Further Experiences of An Irish R.M /
